000 004430000a22001690004500
003 MACL
005 20160109131642.0
008 160109b xxu||||| |||| 00| 0 eng d
040 _aMACL
_cMACL
041 _aEnglish
082 _a920/DES
100 _aDesai, Valji Govindji
_930364
245 _aThe Diary of Mahadev Desai
260 _bNavanivan Publishing House
_c1932
_aAhmedabad
650 _aBiography
_930366
942 _cBK
_k920/des
_2ddc
999 _c35350
_d35350